Erkenne den Deutschrapper am Bild - Statistiken

Allgemein
  • Dieses Quiz wurde 588 mal gespielt
  • Das Durchschnittsergebnis liegt bei 11 aus 16
Antwortstatistiken
Bildquiz Antwort % Korrekt
Sido
99%
Cro
98%
Capital Bra
95%
Gzuz
94%
Haftbefehl
89%
Luciano
87%
Ufo361
84%
Money Boy
79%
Bausa
76%
Samra
74%
Celo & Abdi
67%
Makko
49%
Sampagne
23%
Kwam.E
18%
Kalim
15%
$oho Bani
11%
Keine übereinstimmenden Quizze gefunden
Verteilung der Resultate
Anzahl Personen mit jedem Resultat
Perzentil nach korrekt beantworteten Fragen
Ihre Resultats-Entwicklung
Sie haben dieses Quiz noch nicht gespielt